-rid Definitions Quiz Stats

 Plays Quiz Updated Mar 20, 2019

Support Sporcle.
Go Orange.
Score 0/12 Timer 03:00
0 Plays Today
% Correct
Madrid
94.5%
Hybrid
92.6%
Grid
92.3%
Rid
90.9%
Arid
88.9%
Putrid
88.1%
Horrid
82%
Satyrid
73.5%
Acrid
64.7%
Torrid
64.1%
Lurid
61.9%
Florid
61.2%

You're not logged in!

Compare scores with friends on all Sporcle quizzes.
OR
Log In
Forgot?

From the Vault

Drinking Songs II

by JoeBeta

Music 8m
Listening to these songs will quench any thirst.
Remove Ads.
Support Sporcle.
Get the best of Sporcle when you Go Orange. This ad-free experience offers more features, more stats, and more fun while also helping to support Sporcle. Thank you for becoming a member.

Show Comments

Extras

Top Quizzes Today


Score Distribution

Your Account Isn't Verified!

In order to create a playlist on Sporcle, you need to verify the email address you used during registration. Go to your Sporcle Settings to finish the process.

Report this User

Report this user for behavior that violates our Community Guidelines.

Details: